Plight of senior citizens: (Record no. 143150)

MARC details
000 -LEADER
fixed length control field 00631nam a22001937a 4500
005 - DATE AND TIME OF LATEST TRANSACTION
control field 20170808122045.0
010 ## - LCCN (DPL NO)
LC control number ENG-119536
020 ## - INTERNATIONAL STANDARD BOOK NUMBER
International Standard Book Number 9788170547419
Terms of availability 600.00
035 ## - SYSTEM CONTROL NUMBER
System control number EN-103068
037 ## - SOURCE OF ACQUISITION
Source of stock number/acquisition DBAD/PUB
082 ## - DEWEY DECIMAL CLASSIFICATION NUMBER
Classification number 362.2
100 ## - MAIN ENTRY--PERSONAL NAME
Personal name Rajendran,T.
245 ## - TITLE STATEMENT
Title Plight of senior citizens:
Statement of responsibility, etc by T. Ranjendran
Remainder of title families and old age homes /
260 ## - PUBLICATION, DISTRIBUTION, ETC. (IMPRINT)
Place of publication, distribution, etc New Delhi
Name of publisher, distributor, etc Classical Publishing Company
Date of publication, distribution, etc 2016
270 ## - ADDRESS
Address 28, Shopping Centre, Karampura,
City New Delhi
Postal code 110015
300 ## - PHYSICAL DESCRIPTION
Extent vii,208p. ;
Dimensions 22cm(Hb)
Other physical details ill.
500 ## - GENERAL NOTE
General note Includes bibliographical references
942 ## - ADDED ENTRY ELEMENTS (KOHA)
Source of classification or shelving scheme Dewey Decimal Classification
Item type English Books
Classification part 362.2
Call number suffix RAJ
Holdings
Withdrawn status Lost status Not for loan Collection code Home library Current library Date acquired Source of acquisition Cost, normal purchase price Full call number Barcode Copy number Cost, replacement price Koha item type
      Non-fiction Narela Narela 08/08/2017 DBAD/PUB 600.00 362.2 RAJ EN-103068 1 600.00 English Books

© Delhi Public Library
Hit Counter
free hit counter